[Event "MCRE_CF11"]
[Site "?"]
[Date "2006.??.??"]
[Round "?"]
[White "Pauschek, Roman"]
[Black "Zednik, Martin"]
[Result "1/2-1/2"]
[WhiteElo "2149"]
[BlackElo "2040"]
[PlyCount "67"]
[EventDate "2006.??.??"]
[EventType "corr"]
[EventRounds "2"]
[SourceDate "2006.08.10"]

1. e4 e5 2. Nf3 Nc6 3. Bb5 a6 4. Ba4 Nf6 5. O-O Be7 6. Re1 b5 7. Bb3 O-O 8. c3
d6 9. h3 Na5 10. Bc2 c5 11. d4 Qc7 12. Nbd2 cxd4 13. cxd4 Nc6 14. Nb3 a5 15.
Be3 a4 16. Nbd2 Bd7 17. Rc1 Rfc8 18. Bb1 Qb7 19. d5 Nb4 20. Nf1 Rxc1 21. Bxc1
Rc8 22. Ng3 Na6 23. Be3 Nc5 24. Qe2 Bd8 25. Nh4 Ng4 26. hxg4 Bxh4 27. Nf5 Bxf5
28. gxf5 Qd7 29. Rc1 Be7 30. Bd2 Bf6 31. Bd3 Nxd3 32. Rxc8+ Qxc8 33. Qxd3 Qc5
34. b4 1/2-1/2

[Event "MCRE_CF11"]
[Site "?"]
[Date "2006.??.??"]
[Round "?"]
[White "Hnilicka, Michal"]
[Black "Kratochvil, Vaclav"]
[Result "1/2-1/2"]
[WhiteElo "2126"]
[BlackElo "2143"]
[PlyCount "183"]
[EventDate "2006.??.??"]
[EventType "corr"]
[EventRounds "2"]
[SourceDate "2006.08.10"]

1. e4 c5 2. d4 cxd4 3. c3 dxc3 4. Nxc3 Nc6 5. Nf3 d6 6. Bc4 e6 7. O-O Nf6 8.
Qe2 a6 9. Rd1 Qc7 10. Bf4 Be7 11. Rac1 O-O 12. Bb3 Rd8 13. Nd5 exd5 14. exd5
Bg4 15. dxc6 bxc6 16. Qc4 Be6 17. Qxc6 Qxc6 18. Rxc6 Bxb3 19. axb3 d5 20. Nd4
Rdc8 21. Nf5 Kf8 22. Nxe7 Kxe7 23. Rb6 Kf8 24. b4 Re8 25. Kf1 Re6 26. Rxe6 fxe6
27. Ra1 Nd7 28. Bd2 Nb6 29. b3 Ke7 30. Ke2 Kd6 31. Ra5 Kc6 32. f4 g6 33. Kd3
Kb7 34. Kd4 Nd7 35. h3 Rc8 36. b5 axb5 37. Rxb5+ Ka6 38. Ra5+ Kb6 39. Ra2 Nc5
40. Ke5 Kb5 41. Ra5+ Kc6 42. Ra3 Rf8 43. b4 Ne4 44. Bc1 Kb5 45. Ra7 Kc4 46.
Rxh7 Rf5+ 47. Kxe6 Rf6+ 48. Ke5 Rf5+ 49. Ke6 Rf6+ 50. Ke7 Kxb4 51. Rh8 Rb6 52.
Rc8 Ng3 53. Bd2+ Kb5 54. Rc3 Nf5+ 55. Kf7 Nd6+ 56. Kg7 Ra6 57. Rc2 Nf5+ 58. Kf7
Nh6+ 59. Kf8 Nf5 60. g4 Nd4 61. Rc8 Nf3 62. Bc1 d4 63. Kf7 d3 64. Be3 Nh4 65.
Rh8 Ng2 66. Bc1 Rc6 67. Rb8+ Kc4 68. f5 gxf5 69. gxf5 Kd4 70. Bg5 Ne3 71. f6 d2
72. Rd8+ Nd5 73. Bxd2 Rxf6+ 74. Kg7 Rc6 75. h4 Ke5 76. Rf8 Nc7 77. Rf1 Ne8+ 78.
Kh8 Nf6 79. Bc1 Ne4 80. Bb2+ Ke6 81. Rf4 Ng3 82. Rf6+ Kd5 83. Rxc6 Kxc6 84. Be5
Nf5 85. h5 Kd5 86. Bc7 Ke4 87. Kh7 Kd5 88. Kg6 Ke6 89. Bd8 Ke5 90. Bg5 Ke6 91.
Bf6 Nh6 92. Kxh6 1/2-1/2

[Event "MCRE_CF11"]
[Site "?"]
[Date "2006.??.??"]
[Round "?"]
[White "Lehovcova, Jana"]
[Black "Fric, Pavel"]
[Result "0-1"]
[WhiteElo "1849"]
[BlackElo "2000"]
[PlyCount "128"]
[EventDate "2006.??.??"]
[EventType "corr"]
[EventRounds "2"]
[SourceDate "2006.08.10"]

1. d4 d5 2. c4 e5 3. dxe5 d4 4. Nf3 Nc6 5. a3 Nge7 6. b4 Ng6 7. e3 Bg4 8. h3
Bxf3 9. Qxf3 Qe7 10. b5 Nh4 11. Qe2 Nxe5 12. exd4 Nd3+ 13. Kd2 Nxc1 14. Kxc1
O-O-O 15. g3 Ng6 16. Qxe7 Bxe7 17. d5 Bc5 18. Ra2 Rhe8 19. Be2 Kb8 20. Rf1 Re7
21. Nc3 Rde8 22. Kd1 b6 23. h4 Bd4 24. Na4 Bf6 25. h5 Nf8 26. h6 g6 27. Bd3 Nd7
28. g4 Kb7 29. Rc2 Bh4 30. Rd2 Bg5 31. f4 Bxh6 32. Rh2 Bf8 33. g5 Re3 34. Kc2
Bxa3 35. Rxh7 R8e7 36. Rh2 Bd6 37. Rhf2 Rh3 38. Rf3 Rh2+ 39. Kb3 Re8 40. Kc3
Ra2 41. Bc2 Re2 42. Bb3 Rad2 43. Rh1 Rf2 44. Rf1 Rh2 45. Re1 Rdf2 46. Bd1 Rxf3+
47. Bxf3 Rh4 48. Nb2 Rxf4 49. Bd1 Be5+ 50. Kc2 Rf2+ 51. Re2 Rxe2+ 52. Bxe2 Bf4
53. Bg4 Kc8 54. Nd3 Bxg5 55. Bxd7+ Kxd7 56. Ne5+ Ke7 57. Kd3 f6 58. Nc6+ Kd6
59. Nd8 Bf4 60. Ne6 Be5 61. Ke4 f5+ 62. Ke3 Bf6 63. Kf4 Be7 64. Kg3 Ke5 0-1

[Event "MCRE_CF11"]
[Site "?"]
[Date "2006.??.??"]
[Round "?"]
[White "Fric, Pavel"]
[Black "Zednik, Martin"]
[Result "1-0"]
[WhiteElo "2000"]
[BlackElo "2040"]
[PlyCount "121"]
[EventDate "2006.??.??"]
[EventType "corr"]
[EventRounds "2"]
[SourceDate "2006.08.10"]

1. g4 d5 2. Bg2 c6 3. h3 e5 4. d4 e4 5. c4 Bd6 6. Nc3 Ne7 7. Qb3 O-O 8. Bg5 f6
9. Bd2 Kh8 10. O-O-O f5 11. Kb1 Nd7 12. cxd5 Nxd5 13. f3 e3 14. Nxd5 exd2 15.
Nc3 f4 16. h4 Qb6 17. Qc4 Qb4 18. Qxb4 Bxb4 19. Rxd2 Nb6 20. Nh3 Be6 21. Rc1
Rae8 22. Ng5 Nc4 23. Rd3 Ne3 24. Nxe6 Rxe6 25. Bh3 Bxc3 26. Rdxc3 Rh6 27. g5
Rxh4 28. Be6 Re8 29. d5 Nxd5 30. Bxd5 cxd5 31. Rc7 a6 32. Rxb7 h5 33. g6 Rh2
34. Re7 Rb8 35. Rc6 h4 36. Rce6 Rf8 37. Re5 Rg2 38. Rh5+ Kg8 39. Re6 Rh2 40.
Rxd5 h3 41. Rh5 Rh1+ 42. Kc2 Ra1 43. Kb3 Rb1 44. Ka3 Rb8 45. b3 a5 46. Re4 Rg1
47. Rxf4 Rxg6 48. Rxh3 Re8 49. Rh2 Re3 50. Rf5 Rge6 51. Rxa5 Rxe2 52. Rxe2 Rxe2
53. Kb4 Rf2 54. a4 Rxf3 55. Rc5 Rf4+ 56. Kb5 Rf7 57. a5 Rb7+ 58. Kc6 Rxb3 59.
a6 Ra3 60. Kb6 Kf7 61. a7 1-0

[Event "MCRE_CF11"]
[Site "?"]
[Date "2006.??.??"]
[Round "?"]
[White "Zednik, Martin"]
[Black "Lehovcova, Jana"]
[Result "1/2-1/2"]
[WhiteElo "2040"]
[BlackElo "1849"]
[PlyCount "100"]
[EventDate "2006.??.??"]
[EventType "corr"]
[EventRounds "2"]
[SourceDate "2006.08.10"]

1. e4 e5 2. Nf3 Nf6 3. Nxe5 Qe7 4. d4 d6 5. Nf3 Nxe4 6. Be2 Qd7 7. O-O Be7 8.
Re1 O-O 9. Bd3 Nf6 10. c4 Na6 11. Nc3 Re8 12. Bg5 Nb4 13. Bb1 h6 14. Bh4 Bd8
15. a3 Rxe1+ 16. Qxe1 Nc6 17. d5 Na5 18. Nd2 b6 19. Bc2 a6 20. b4 Nb7 21. Nf3
g5 22. Bg3 Nh5 23. Nd4 Bf6 24. Qd2 Bxd4 25. Qxd4 f5 26. Qd3 Qg7 27. Re1 Bd7 28.
Bd1 Nxg3 29. hxg3 Qf7 30. Ba4 Bxa4 31. Nxa4 Re8 32. Re2 Rxe2 33. Qxe2 Nd8 34.
Nc3 Qf6 35. b5 a5 36. Nd1 Nf7 37. Ne3 Kf8 38. Qc2 f4 39. gxf4 gxf4 40. Nf5 Qe5
41. Nh4 Qf6 42. Nf3 Qa1+ 43. Kh2 Qxa3 44. Nd4 Qa1 45. Qe4 a4 46. f3 a3 47. Ne6+
Ke7 48. Nd4+ Kf8 49. Ne6+ Ke7 50. Nd4+ Kf8 1/2-1/2

[Event "MCRE_CF11"]
[Site "?"]
[Date "2006.??.??"]
[Round "?"]
[White "Lehovcova, Jana"]
[Black "Zednik, Martin"]
[Result "1-0"]
[WhiteElo "1849"]
[BlackElo "2040"]
[PlyCount "95"]
[EventDate "2006.??.??"]
[EventType "corr"]
[EventRounds "2"]
[SourceDate "2006.08.10"]

1. d4 d5 2. c4 c6 3. cxd5 cxd5 4. Nc3 Nf6 5. Bg5 Nc6 6. Bxf6 gxf6 7. e3 e6 8.
Rc1 a6 9. a3 Bd6 10. Bd3 Bd7 11. Nf3 f5 12. h3 h5 13. g3 Na5 14. Nb1 b5 15. b3
Qe7 16. Be2 Bxa3 17. Nxa3 Qxa3 18. Rb1 Qb4+ 19. Kf1 h4 20. Nxh4 Rc8 21. Nf3 Rc3
22. Kg2 Rxb3 23. Rxb3 Qxb3 24. Qa1 Qa4 25. Ne5 Nc6 26. Nxc6 Bxc6 27. Qc1 b4 28.
Qc5 Rh6 29. Rc1 e5 30. dxe5 b3 31. Bf3 a5 32. Rc3 f4 33. exf4 Bd7 34. e6 fxe6
35. Qa7 b2 36. Qb8+ Ke7 37. Qxb2 Qd4 38. Qa1 a4 39. Qa3+ Ke8 40. Re3 Qf6 41.
Re5 Qf8 42. Qc3 Kf7 43. Bh5+ Rxh5 44. Rxh5 Qg8 45. Qc7 Ke7 46. f5 exf5 47. Rh6
Qf7 48. h4 1-0

[Event "MCRE_CF11"]
[Site "?"]
[Date "2006.??.??"]
[Round "?"]
[White "Hnilicka, Michal"]
[Black "Pauschek, Roman"]
[Result "1/2-1/2"]
[WhiteElo "2126"]
[BlackElo "2149"]
[PlyCount "101"]
[EventDate "2006.??.??"]
[EventType "corr"]
[EventRounds "2"]
[SourceDate "2006.08.10"]

1. e4 e5 2. Nf3 Nc6 3. Bc4 Nf6 4. Ng5 d5 5. exd5 Na5 6. Bb5+ c6 7. dxc6 bxc6 8.
Qf3 Rb8 9. Bxc6+ Nxc6 10. Qxc6+ Nd7 11. d3 Be7 12. Ne4 Rb6 13. Qa4 O-O 14. O-O
f5 15. Ng3 Bb7 16. Nd2 Rb4 17. Qxa7 Qc7 18. Qa3 Qxc2 19. Qc3 Qa4 20. Nc4 Bc5
21. a3 Qc6 22. Ne4 Rxc4 23. Qxc4+ Rf7 24. b4 Bd4 25. Qxc6 Bxc6 26. Nd6 Bxa1 27.
b5 Bd5 28. Nxf7 Kxf7 29. Bd2 Bd4 30. a4 Nc5 31. a5 Nb3 32. Bb4 Ke6 33. h4 Kd7
34. h5 g6 35. hxg6 hxg6 36. Re1 Na1 37. Bc5 Bxc5 38. Rxa1 g5 39. Rb1 Ba8 40.
Kf1 g4 41. Rb2 Kd6 42. Rb1 Kc7 43. Rc1 Kd6 44. f3 Kd5 45. Rc4 Bb7 46. a6 Ba8
47. a7 Kd6 48. Rc1 Bb7 49. Ra1 Ba8 50. Rc1 Bb7 51. Ra1 1/2-1/2

[Event "MCRE_CF11"]
[Site "?"]
[Date "2006.??.??"]
[Round "?"]
[White "Havlik, Lumir"]
[Black "Lehovcova, Jana"]
[Result "1/2-1/2"]
[WhiteElo "2113"]
[BlackElo "1849"]
[PlyCount "101"]
[EventDate "2006.??.??"]
[EventType "corr"]
[EventRounds "2"]
[SourceDate "2006.08.10"]

1. d4 d5 2. c4 c6 3. Nf3 dxc4 4. e3 b5 5. a4 Nf6 6. axb5 cxb5 7. b3 a5 8. bxc4
b4 9. c5 Bd7 10. Ne5 e6 11. Nd2 Qc7 12. Nxd7 Nbxd7 13. Bb2 Be7 14. Be2 O-O 15.
Qa4 Nd5 16. O-O f5 17. Bf3 Rfd8 18. Nb3 Ra6 19. Qb5 Rda8 20. Ra4 N7f6 21. Rfa1
Bd8 22. Bxd5 exd5 23. Rxb4 f4 24. Nd2 fxe3 25. fxe3 Qc8 26. Rb3 a4 27. Rb4 Bc7
28. Qd3 Qg4 29. h3 Qg3 30. Nf1 Qh4 31. Bc3 Qe4 32. Qb1 Qxb1 33. Rbxb1 Kf7 34.
Nd2 Ke6 35. Kf2 Ne4+ 36. Nxe4 dxe4 37. Ra3 Kd5 38. Rb7 R8a7 39. Rb4 h5 40. Be1
g5 41. Kf1 g4 42. hxg4 hxg4 43. Bh4 Ra8 44. g3 Ra5 45. Kg2 Rb8 46. Raxa4 Rxb4
47. Rxb4 Ra2+ 48. Kf1 Ra1+ 49. Kf2 Ra2+ 50. Kf1 Ra1+ 51. Kg2 1/2-1/2

[Event "MCRE_CF11"]
[Site "?"]
[Date "2006.??.??"]
[Round "?"]
[White "Zednik, Martin"]
[Black "Havlik, Lumir"]
[Result "1/2-1/2"]
[WhiteElo "2040"]
[BlackElo "2113"]
[PlyCount "108"]
[EventDate "2006.??.??"]
[EventType "corr"]
[EventRounds "2"]
[SourceDate "2006.08.10"]

1. e4 e5 2. Nf3 Nc6 3. Bb5 Nf6 4. O-O Nxe4 5. d4 Nd6 6. Bxc6 dxc6 7. dxe5 Nf5
8. Qxd8+ Kxd8 9. Nc3 h6 10. Rd1+ Ke8 11. h3 Be6 12. b3 Rd8 13. Bb2 Bb4 14. a3
Bxc3 15. Bxc3 c5 16. Rxd8+ Kxd8 17. Rd1+ Kc8 18. Bb2 Rd8 19. Rxd8+ Kxd8 20. c4
a5 21. a4 Ne7 22. Ne1 Nc6 23. g4 h5 24. gxh5 Bxh3 25. e6 f6 26. h6 gxh6 27.
Bxf6+ Ke8 28. Nd3 b6 29. Nf4 Bf5 30. Kg2 Bc2 31. Nd5 Bxb3 32. Nxc7+ Kf8 33. Kf3
Bxc4 34. Ke4 Bb3 35. Nd5 Kg8 36. f4 Bc2+ 37. Ke3 Bf5 38. Ne7+ Nxe7 39. Bxe7
Bxe6 40. Bd8 Bd7 41. Bxb6 Bxa4 42. Bxa5 Kf7 43. f5 Bc2 44. Kf4 Ke7 45. Bd2 Kd6
46. Kg3 Bxf5 47. Bf4+ Kd5 48. Bxh6 Kd4 49. Bf8 c4 50. Kf2 c3 51. Ke1 Kd3 52.
Kd1 c2+ 53. Kc1 Be6 54. Be7 Bf7 1/2-1/2

[Event "MCRE_CF11"]
[Site "?"]
[Date "2006.??.??"]
[Round "?"]
[White "Hnilicka, Michal"]
[Black "Fric, Pavel"]
[Result "1/2-1/2"]
[WhiteElo "2126"]
[BlackElo "2000"]
[PlyCount "131"]
[EventDate "2006.??.??"]
[EventType "corr"]
[EventRounds "2"]
[SourceDate "2006.08.10"]

1. e4 c5 2. d4 cxd4 3. c3 dxc3 4. Nxc3 Nc6 5. Nf3 e6 6. Bc4 d6 7. O-O a6 8. Qe2
Be7 9. Rd1 b5 10. Bb3 Bd7 11. Bf4 e5 12. Bd2 Nf6 13. Nd5 O-O 14. Qd3 Rc8 15.
Rac1 Bg4 16. h3 Bh5 17. Nxf6+ Bxf6 18. g4 Bg6 19. g5 Be7 20. Bd5 Nb8 21. Rxc8
Qxc8 22. Rc1 Qd8 23. Qe3 Bh5 24. Nh4 g6 25. Ng2 Qd7 26. f4 Rc8 27. Rf1 Nc6 28.
Kh2 Nd8 29. Bc3 b4 30. Bxb4 Qb5 31. Qe1 Rc2 32. a4 Qd3 33. Rf2 Bf3 34. Rd2 Rxd2
35. Qxd2 Qxd2 36. Bxd2 Ne6 37. b4 Nc7 38. Bc6 Ne6 39. h4 Nd4 40. Bd5 Bg4 41.
Kg3 Bd7 42. a5 Kf8 43. Bc4 Bb5 44. Bxb5 Nxb5 45. Ne3 exf4+ 46. Kxf4 f6 47. Nd5
fxg5+ 48. hxg5 Ke8 49. Be3 Kd7 50. Kf3 Bf8 51. Ke2 Ke6 52. Kd3 Bg7 53. Bf4 Kd7
54. Bd2 Bb2 55. Kc4 Kc6 56. Be3 Be5 57. Bd2 Bb2 58. Bc3 Nxc3 59. Nxc3 Bc1 60.
b5+ axb5+ 61. Nxb5 Bxg5 62. a6 h5 63. Nxd6 Kb6 64. Nf7 Be7 65. Kd4 h4 66. Ke3
1/2-1/2

[Event "MCRE_CF11"]
[Site "?"]
[Date "2006.??.??"]
[Round "?"]
[White "Lehovcova, Jana"]
[Black "Kratochvil, Vaclav"]
[Result "1/2-1/2"]
[WhiteElo "1849"]
[BlackElo "2143"]
[PlyCount "177"]
[EventDate "2006.??.??"]
[EventType "corr"]
[EventRounds "2"]
[SourceDate "2006.08.10"]

1. d4 d5 2. c4 e6 3. Nc3 Nf6 4. Bg5 Be7 5. e3 O-O 6. Nf3 Nbd7 7. Qc2 c5 8. Rd1
Qa5 9. cxd5 Nxd5 10. Bxe7 Nxe7 11. Ng5 Nf6 12. dxc5 h6 13. Nge4 Nxe4 14. Qxe4
Qxc5 15. Bd3 f5 16. Qc4 Qb6 17. O-O Kh8 18. Na4 Qa5 19. Nc5 e5 20. Be2 Rf6 21.
b4 Qc7 22. b5 a6 23. Nd7 Qxc4 24. Bxc4 Bxd7 25. Rxd7 axb5 26. Bxb5 Ng6 27. a4
b6 28. Rc1 Nf8 29. Rd5 e4 30. f3 Ne6 31. Rc6 Nc5 32. Rxf6 gxf6 33. Rxf5 Kg7 34.
Bc6 Ra7 35. Rf4 Nxa4 36. Rg4+ Kf8 37. Rxe4 Nc3 38. Rb4 Re7 39. Rxb6 Rxe3 40. g4
Re6 41. Rb8+ Kg7 42. Rb7+ Kf8 43. Rc7 Re7 44. Rc8+ Kg7 45. Ba8 Nb5 46. Kf2 h5
47. gxh5 Re5 48. Be4 Rxh5 49. Kg3 Rg5+ 50. Kh4 Nd4 51. f4 Rg1 52. Rc4 f5 53.
Rxd4 fxe4 54. Rxe4 Rg2 55. h3 Rf2 56. Kg5 Rg2+ 57. Kf5 Rf2 58. Re7+ Kh6 59.
Re6+ Kh5 60. Re4 Rf3 61. Kf6 Rxh3 62. Re5+ Kh6 63. f5 Rf3 64. Kf7 Rg3 65. Re6+
Kh7 66. Re7 Rf3 67. f6 Rb3 68. Rd7 Kh6 69. Ke7 Rb8 70. Rc7 Kh7 71. Kf7 Rb2 72.
Rd7 Kh6 73. Re7 Rc2 74. Re6 Rc8 75. Re3 Rc7+ 76. Ke6 Rc6+ 77. Kf5 Rc5+ 78. Re5
Rc2 79. Re1 Rc5+ 80. Ke6 Rc6+ 81. Kf7 Rc7+ 82. Kf8 Kg6 83. f7 Rc8+ 84. Ke7 Rc7+
85. Ke6 Rc8 86. Rg1+ Kh7 87. Ke7 Rc7+ 88. Kf6 Rc6+ 89. Ke5 1/2-1/2

[Event "MCRE_CF11"]
[Site "?"]
[Date "2006.??.??"]
[Round "?"]
[White "Havlik, Lumir"]
[Black "Zednik, Martin"]
[Result "1/2-1/2"]
[WhiteElo "2113"]
[BlackElo "2040"]
[PlyCount "118"]
[EventDate "2006.??.??"]
[EventType "corr"]
[EventRounds "2"]
[SourceDate "2006.08.10"]

1. d4 d5 2. c4 c6 3. Nf3 Nf6 4. Nc3 dxc4 5. a4 Bf5 6. e3 e6 7. Bxc4 Bb4 8. O-O
O-O 9. Qe2 Bg6 10. Ne5 Nbd7 11. Nxg6 hxg6 12. Na2 Bd6 13. Nc3 e5 14. dxe5 Nxe5
15. Ba2 Bc5 16. Rd1 Qc7 17. Bd2 Rad8 18. Be1 Neg4 19. g3 Ne5 20. Rac1 Rfe8 21.
Kg2 Qe7 22. h3 g5 23. f3 a6 24. e4 b5 25. Rxd8 Rxd8 26. Rd1 Rd7 27. axb5 axb5
28. b3 Rd6 29. Bb1 Nfd7 30. Rxd6 Qxd6 31. Qd1 Qf6 32. Bc2 Nf8 33. Bd3 Ne6 34.
Be2 Nd4 35. Bf2 g4 36. hxg4 Nxg4 37. Bg1 Ne6 38. Bxc5 Qxc3 39. Bg1 Ne3+ 40.
Bxe3 Qxe3 41. Qd3 Qc1 42. Kf2 Qb2 43. Ke3 g5 44. Bd1 c5 45. Qd5 Qc1+ 46. Qd2
Qa1 47. Kf2 c4 48. bxc4 bxc4 49. Bc2 Qh1 50. Ke3 g4 51. fxg4 Qh6+ 52. Ke2 Qh2+
53. Kd1 Qxg3 54. Qd7 Qf3+ 55. Kc1 c3 56. Bb3 Qf4+ 57. Kc2 Qxe4+ 58. Kxc3 Qxg4
59. Bxe6 fxe6 1/2-1/2

[Event "MCRE_CF11"]
[Site "?"]
[Date "2006.??.??"]
[Round "?"]
[White "Hnilicka, Michal"]
[Black "Lehovcova, Jana"]
[Result "1/2-1/2"]
[WhiteElo "2126"]
[BlackElo "1849"]
[PlyCount "121"]
[EventDate "2006.??.??"]
[EventType "corr"]
[EventRounds "2"]
[SourceDate "2006.08.10"]

1. e4 e5 2. Nf3 Nf6 3. Nc3 Bb4 4. Bc4 Bxc3 5. dxc3 d6 6. O-O Qe7 7. Qe2 Nbd7 8.
a4 Nc5 9. Ng5 h6 10. b4 hxg5 11. bxc5 g4 12. cxd6 cxd6 13. Rd1 Be6 14. Rb1 Bxc4
15. Qxc4 O-O 16. Bg5 b6 17. Qe2 Rac8 18. Rd3 Rc4 19. a5 bxa5 20. Rxd6 Qxd6 21.
Qxc4 Rb8 22. Ra1 Ne8 23. Be3 Qd7 24. Qd3 Qb7 25. f4 gxf3 26. gxf3 Qc6 27. c4 a4
28. c5 Qg6+ 29. Kf2 Qh5 30. Rh1 Rb2 31. Qc3 a3 32. Bc1 Rb1 33. Qxa3 Nc7 34. h4
Nb5 35. Qd3 Nd4 36. c3 Rb3 37. Rh3 Ne6 38. c6 Nf4 39. Qd8+ Kh7 40. Bxf4 exf4
41. Qg5 Qg6 42. Qxg6+ Kxg6 43. Rh1 Rxc3 44. Rg1+ Kh6 45. Ra1 Rxc6 46. Rxa7 Rc2+
47. Kg1 f6 48. Rf7 Rd2 49. Rb7 g5 50. hxg5+ fxg5 51. Kf1 Ra2 52. Rb8 Kg7 53.
Rb6 Rh2 54. Rb5 Kf6 55. Rf5+ Kg6 56. Rf8 Rb2 57. Kg1 Kg7 58. Rf5 Kh6 59. Rf8
Rd2 60. Kf1 Kg6 61. Ke1 1/2-1/2

[Event "MCRE_CF11"]
[Site "?"]
[Date "2006.??.??"]
[Round "?"]
[White "Lehovcova, Jana"]
[Black "Havlik, Lumir"]
[Result "1-0"]
[WhiteElo "1849"]
[BlackElo "2113"]
[PlyCount "157"]
[EventDate "2006.??.??"]
[EventType "corr"]
[EventRounds "2"]
[SourceDate "2006.08.10"]

1. d4 d5 2. c4 e6 3. Nc3 Nf6 4. Bg5 Nbd7 5. e3 c6 6. cxd5 exd5 7. Bd3 Be7 8.
Nf3 O-O 9. Rc1 Re8 10. O-O Ne4 11. Bxe7 Qxe7 12. Qc2 Nf8 13. a4 Ng6 14. a5 Bg4
15. Bxe4 dxe4 16. Nd2 f5 17. Rfe1 Bh5 18. Na4 a6 19. Nc5 Rab8 20. Qb3+ Kh8 21.
Nf1 Nh4 22. Ng3 Bf7 23. Qa4 Bd5 24. Qb4 Qf7 25. Ne2 Ng6 26. b3 Qe7 27. Rc3 Nf8
28. Qb6 Nd7 29. Nxd7 Qxd7 30. Nf4 Bf7 31. Rc5 Rbd8 32. Rec1 Rf8 33. Re5 g6 34.
Ne2 Be6 35. Qb4 Rde8 36. Nf4 Bg8 37. Rxe8 Rxe8 38. Qc3 Qg7 39. b4 Qf6 40. Qc5
Rd8 41. Ne2 Bb3 42. Rb1 Ba2 43. Rb2 Be6 44. Qa7 Qf7 45. Nf4 Bd5 46. Qc5 Kg7 47.
Ne2 Rd7 48. h3 Qe6 49. Nf4 Qf7 50. Qc2 Kg8 51. Qc1 Rd8 52. Qc5 Kg7 53. Rc2 Rd7
54. Qa7 Rd8 55. Rc5 Rd7 56. h4 Rd8 57. Qb6 Rd7 58. h5 Bb3 59. hxg6 hxg6 60. Re5
Bc4 61. Qc5 Bb3 62. f3 exf3 63. gxf3 Qf6 64. Re8 Kh7 65. Qe5 Qxe5 66. Rxe5 Bc4
67. Rc5 Bd5 68. Nd3 Kg8 69. Kf2 Rg7 70. Rc1 Rh7 71. Rg1 Kg7 72. Nc5 Kf6 73. e4
fxe4 74. fxe4 Be6 75. Nxe6 Kxe6 76. Rxg6+ Kf7 77. Rg3 Rh2+ 78. Ke3 Rb2 79. Kf4
1-0

[Event "MCRE_CF11"]
[Site "?"]
[Date "2006.??.??"]
[Round "?"]
[White "Lehovcova, Jana"]
[Black "Hnilicka, Michal"]
[Result "1/2-1/2"]
[WhiteElo "1849"]
[BlackElo "2126"]
[PlyCount "170"]
[EventDate "2006.??.??"]
[EventType "corr"]
[EventRounds "2"]
[SourceDate "2006.08.10"]

1. d4 Nf6 2. Nc3 d5 3. Bg5 Nbd7 4. Nf3 g6 5. e3 Bg7 6. Bd3 O-O 7. O-O c5 8. Bf4
b6 9. Ne5 Bb7 10. Be2 Rc8 11. Qd2 a6 12. Rfd1 e6 13. a4 Re8 14. Rab1 Qe7 15.
Bf3 Nxe5 16. Bxe5 Nd7 17. Bxg7 Kxg7 18. a5 b5 19. Ne2 e5 20. dxe5 Nxe5 21. Bxd5
Rcd8 22. c4 bxc4 23. Nc3 Nc6 24. Qe2 Nxa5 25. Qc2 Qc7 26. Qa4 Bxd5 27. Nxd5 Qb7
28. Qxa5 Rxd5 29. Qc3+ Kg8 30. Qxc4 Red8 31. Rxd5 Rxd5 32. h3 Kg7 33. Qc3+ f6
34. e4 Rd4 35. e5 fxe5 36. Qxc5 Rd5 37. Qe3 Qd7 38. Re1 Qd6 39. Qe2 a5 40. b3
Qb4 41. Qe3 Qf4 42. Qc3 Qb4 43. Qxb4 axb4 44. Re4 Rb5 45. g3 Kf6 46. f3 Kf5 47.
Kf2 Ke6 48. Ke2 Kd5 49. Kd3 Rb7 50. Rc4 g5 51. Rc8 Rd7 52. Ke3 Ra7 53. Rc4 Ra1
54. Rxb4 Re1+ 55. Kf2 Rb1 56. g4 Rh1 57. Rb5+ Kd4 58. Kg2 Rc1 59. Rb4+ Kd5 60.
Rb7 Rc2+ 61. Kg3 Rc3 62. Rb5+ Kd4 63. Rb4+ Kc5 64. Rb8 Kd6 65. b4 e4 66. Rf8
Rb3 67. Rf5 e3 68. f4 gxf4+ 69. Rxf4 Ke5 70. Rc4 Kd5 71. Rc8 Ke4 72. Re8+ Kd3
73. Kf3 Kd2 74. b5 Rd3 75. b6 Rd7 76. Ra8 Rf7+ 77. Kg2 e2 78. Ra2+ Kd1 79. Ra1+
Kc2 80. Ra2+ Kd3 81. Ra3+ Kd4 82. Ra4+ Kd5 83. Ra1 Ke4 84. Rb1 Rf8 85. b7 Ke3
1/2-1/2